[Event "BIH-chT"]
[Site "Neum"]
[Date "2002.06.03"]
[Round "2.2"]
[White "Miljanic, Boro"]
[Black "Perunovic, Milos"]
[Result "0-1"]
[WhiteElo "2431"]
[BlackElo "2478"]
[Annotator "Rabinovich,Al"]
[PlyCount "82"]
[EventDate "2002.06.02"]
[EventType "team"]
[EventRounds "9"]
[EventCountry "BIH"]
[SourceTitle "CBM 090"]
[Source "ChessBase"]
[SourceDate "2002.09.20"]
[SourceVersion "1"]
[SourceVersionDate "2002.09.20"]
[SourceQuality "1"]
[WhiteTeam "Sarajevo"]
[BlackTeam "Bijeljina"]
[WhiteTeamCountry "BIH"]
[BlackTeamCountry "BIH"]

{[%mdl 28704]} 1. e4 c5 2. Nf3 Nc6 3. Bb5 e6 4. O-O Nge7 5. b3 Ng6 {Another
options are:} (5... a6 6. Bxc6 Nxc6 7. Bb2 b5 8. Na3 (8. c4 bxc4 9. bxc4 Rb8 (
9... Qb6 10. Bc3 Nd4 11. d3 Be7 12. Nbd2 Nxf3+ 13. Qxf3 O-O 14. Rab1 Qc6 15.
Qg3 (15. Rb3 $1 $14 {[%cal Gf1b1]}) 15... f6 16. f4 d5 $132 {1/2-1/2 Fressinet,
L-Nataf,I/Cannes FRA 2002/The Week in Chess 382 (21)}) 10. Bc3 Bb7 11. d3 d6
12. Na3 e5 13. Nc2 $14 {[%cal Gc2e3,Ge3d5,Ge3f5,Ga1b1,Gd1a4] 1/2-1/2 Akopian,
V-Eljanov,P/Moscow RUS 2002/The Week in Chess 379 (65)}) 8... Nd4 9. c4 Qa5 10.
d3 Nxf3+ 11. Qxf3 Bb7 12. Nc2 Qd2 13. Rac1 Bd6 14. Bxg7 Rg8 15. Bb2 Qh6 $44 {
[%csl Gb7,Gd6,Rg1][%cal Ge8c8,Gg8g2,Gh6h2] 1/2-1/2 Azmaiparashvili,Z-Almasi,Z/
Dos Hermanas 2001/CBM 83 (26)}) (5... Nd4 6. Nxd4 cxd4 7. Bb2 a6 8. Bd3 Nc6 9.
c3 Bc5 10. cxd4 Bxd4 11. Bxd4 Nxd4 12. Nc3 $11 {1/2-1/2 Spasov,V-Miladinovic,I/
Athens 2000/EXT 2001 (14)}) 6. Bb2 f6 7. Re1 Qc7 (7... Be7 $6 8. c3 a6 9. Bf1
Qc7 10. d4 O-O 11. g3 b5 12. h4 $36 {[%csl Gd4,Ge4][%cal Gh4h5] 1-0 Akopian,
V-Fominyh,A/Ubeda 2001/CBM 80 ext (31)}) 8. c3 Be7 9. d4 O-O 10. Nbd2 (10. Bf1
$5 Nd8 11. Nbd2 Nf7 12. g3 b6 13. h4 Re8 14. Bg2 Bb7 15. h5 $14 {0-1 Kuzmin,
G-Romanishin,O/Donetsk 1998/CBM 68 (61)}) 10... a6 11. Bf1 d5 $6 (11... b5 $142
) 12. exd5 exd5 13. c4 $1 {The most energetic move. Since black is still busy
in development white openes up the center!} dxc4 (13... Nxd4 14. Nxd4 cxd4 15.
cxd5 $16 {[%csl Rd4,Rg8][%cal Ga1c1]}) 14. d5 Nd8 (14... Nce5 $5 {Looks
dangerous due to the weakness which rise,but it allows black to finish
organizing the pieces.} 15. Nxe5 Nxe5 16. Bxe5 fxe5 17. Nxc4 Bd6 18. a4 Bf5 19.
a5 $14 {[%csl Rb6,Rd6][%cal Gf1d3]}) 15. bxc4 (15. Nxc4 Nf7 16. Bc3 $14 {
[%cal Gc3a5]}) (15. Bxc4 Bd6 16. a4 Bg4 17. Qc2 Nf4 $11 {[%cal Gd8f7,Ga8e8]})
15... Nf7 16. a4 $14 Bf5 17. Ne4 (17. Qb3 $1 {[%csl Rb7][%cal Gf1d3,Ga1b1]})
17... Rfe8 18. Ng3 {White really wants to exchange black white square bishop,
but it takes some time.While black manages to place his pieces around d6&e5
squares and gets good position.} Bg4 19. h3 Bxf3 20. Qxf3 Bd6 21. Nf5 Bh2+ 22.
Kh1 Be5 $1 $14 {Important to exchange the bishops,this way black will have
absolute control over dark squares!} 23. Bxe5 Ngxe5 24. Qg3 Nd6 25. Nxd6 Qxd6
26. Rab1 $6 {Not accurate move!} (26. a5 $1 $14 {[%csl Rb7]}) 26... b6 27. Re3
$1 {[%cal Ge3b3,Gb1e1]} Rab8 28. Rbe1 {[%cal Gf2f4]} Qd7 29. f4 Ng6 (29... Nf7
$5 {[%csl Ra4][%cal Gf7d6]} 30. Rxe8+ Rxe8 31. Rxe8+ Qxe8 32. Qb3 Qe1 33. Kg1
Qb4 $13 {[%cal Gg8f8]}) 30. Bd3 Nf8 (30... Qxa4 31. Bxg6 hxg6 32. Qxg6 Rxe3 33.
Rxe3 {[%cal Gd5d8]} Qxc4 34. Re8+ $11) 31. Qg4 $2 {Unclear mistake! In almost
winning position white slips and gives up most of what he gained with very
good play!} (31. f5 $1 {[%csl Rf8]} Qxa4 $4 (31... Rxe3 32. Rxe3 Re8 33. Re6 $5
(33. Bc2 b5 34. axb5 axb5 35. Qe1 Rxe3 36. Qxe3 $16) 33... Nxe6 34. fxe6 Qxa4
35. Qc7 (35. Kh2 $1 $36 {[%cal Gg3c7,Gc7f7,Gd5d8] White has very promising
position!}) 35... Qa1+ 36. Kh2 Qe5+ 37. Qxe5 fxe5 38. Bf5 g6 39. d6 gxf5 40. d7
Kf8 $19) 32. Re7 $16) 31... Qxg4 (31... Qxa4 $2 32. Re7 g6 33. d6 $18 {[%cal
Gd3e4,Ge4d5]}) 32. hxg4 Kf7 33. Bf5 $2 {Loosing time.} (33. Kg1 $142 $14) 33...
Rxe3 34. Rxe3 Re8 35. Rxe8 (35. Rb3 g6 36. Bd3 Re1+ 37. Kh2 Nd7 $15 {[%cal
Gf7e7,Ge7d6]}) 35... Kxe8 36. Bc8 a5 37. f5 $4 {[%cal Ge8e7,Ge7d6,Gd6e5][%mdl
24576] Finally closing the bishop and clearing the way for black king?????} (
37. Kg1 g6 {[%csl Rc8,Gf5][%cal Ge8d8]} 38. Kf2 Kd8 39. Ba6 g5 40. g3 Ng6 41.
Ke3 Nh8 $3 42. Ke4 Nf7 43. Kf5 Ke7 $15 {[%cal Gf7d6] The final destination for
the knight!}) 37... Ke7 $4 $15 {[%cal Ge7d6,Gd6e5,Ge5d4]} (37... b5 38. cxb5 (
38. axb5 a4 39. b6 Nd7 $19 {[%cal Ga4a1]}) 38... c4 39. b6 Nd7 40. Ba6 c3 41.
Bd3 Nxb6 $19) 38. Kh2 $4 (38. Kg1 $1 b5 $2 (38... Kd6 39. Kf2) (38... Nd7 39.
Bxd7 Kxd7 40. Kf2 Kd6 41. Ke2 Ke5 42. Kd3 h6 43. Ke3 Kd6 44. Ke4 Ke7 45. Kf4
Kd6 46. Kg3 Ke5 47. Kf3 $11 (47. Kh4 {[%cal Gh4h5,Gh5g6]} b5 $19)) 39. cxb5 c4
40. Kf2 $1 $18) {[%tqu "En","Find the dicisive move for black:","","","b6b5",
"Correct! Now white looses by force.",5]} 38... b5 $19 39. cxb5 (39. axb5 a4
40. b6 Nd7 $19) 39... c4 40. b6 (40. d6+ Kxd6 41. Bb7 c3 42. Be4 Ke5 43. Bc2
Kf4 44. b6 Ke3 $19) 40... Nd7 41. b7 Nb8 {White can't stop the pawn without
loosing material!} (41... Nb8 42. d6+ Kxd6 43. Be6 c3 44. Bb3 Kc7 45. Kg3 Nc6
46. Kf4 Nd4 $19) 0-1

[Event "BCF-ch 89th"]
[Site "Torquay"]
[Date "2002.08.09"]
[Round "11"]
[White "McShane, Luke J"]
[Black "Ramesh, Ramachandran B"]
[Result "0-1"]
[WhiteElo "2544"]
[BlackElo "2456"]
[Annotator "Rabinovich,Al"]
[PlyCount "118"]
[EventDate "2002.07.29"]
[EventType "swiss"]
[EventRounds "11"]
[EventCountry "ENG"]
[SourceTitle "CBM 091"]
[Source "ChessBase"]
[SourceDate "2002.11.12"]
[SourceVersion "1"]
[SourceVersionDate "2002.11.12"]
[SourceQuality "1"]

1. e4 {[%mdl 210]} c5 2. Nf3 Nc6 3. Bb5 e6 4. Bxc6 bxc6 5. d3 Ne7 (5... d6 $5 {
[%cal Ge6e5]} 6. e5 dxe5 7. Nxe5 Qd5 8. Nf3 c4 9. Nc3 Bb4 10. Bd2 Bxc3 11. Bxc3
Ne7 12. dxc4 Qxc4 13. Nd2 $14 {1/2-1/2 Adams,M-Krasenkow,M/Istanbul 2000/EXT
2001 (21)}) 6. Qe2 (6. Ng5 $5 f6 7. Nh3 d5 8. Nc3 Ng6 9. Qh5 Bd6 10. Nf4 Bxf4
11. Bxf4 O-O 12. Bd2 f5 13. Qg5 Qxg5 14. Bxg5 c4 $11 {1-0 Adams,M-Vaisser,A/
France 2001/EXT 2002 (52)}) 6... f6 (6... Ng6 7. h4 h5 8. e5 f6 9. Qe4 Kf7 10.
Na3 $14 {1/2-1/2 Topalov,V-Shirov,A/Monaco MNC 2002/The Week in Chess 385 (39)}
) 7. Nh4 g6 8. f4 Bg7 9. O-O (9. Nf3 $5 O-O 10. Qf2 d6 11. Nc3 e5 12. fxe5 fxe5
13. Qh4 a5 14. Bh6 $16 {1-0 Glek,I-Krasenkow,M/Mainz GER 2002/The Week in
Chess 406 (64)}) 9... O-O (9... d6 $5 10. Nf3 O-O 11. e5 Nf5 12. exd6 Nd4 13.
Qf2 Qxd6 14. Nc3 e5 15. Ne4 Qe7 16. Nxd4 cxd4 17. fxe5 fxe5 18. Qe2 Rxf1+ {
1/2-1/2 Tkachiev,V-Smirin,I/Biel SUI 2002/The Week in Chess 403 (18)}) 10. c4
$5 {[%mdl 8] McShane's new idea.} (10. Nf3 h6 11. Nc3 e5 12. fxe5 fxe5 13. Qf2
g5 14. Qxc5 d6 15. Qe3 Ng6 16. Qe1 Rb8 17. Nd2 Nf4 18. Ne2 Rb7 19. Nc4 d5 20.
Ne3 dxe4 21. dxe4 Rbf7 22. Ng3 {1/2-1/2 Fressinet,L-Lautier,J/Cannes FRA 2002/
The Week in Chess 381 (22)}) 10... d6 11. Nc3 h6 $1 {[%csl Gc6,Gd6,Ge6,Gf6,Gg6,
Gh6] Very original. Preparing g5, what is a very good positional idea. I
believe black saw the game McShane-Ramaswamy from the same tournament and
prepared this nice reply.} (11... Rb8 12. Be3 Bd7 13. Rf2 Rb7 14. Raf1 e5 $2
15. f5 g5 16. Nf3 Nc8 17. g4 Be8 18. h4 $40 {1-0 McShane,L-Ramaswamy,A/Torquay
ENG 2002/The Week in Chess 405 (40)}) 12. Be3 g5 13. Nf3 (13. fxg5 hxg5 14. Nf3
{[%cal Ge4e5]} e5 $132 {[%cal Ge7g6,Gg6f4,Gc8e6]}) 13... gxf4 (13... Rb8 $6 14.
Rf2 Bd7 15. fxg5 hxg5 16. e5 $1 $16) 14. Bxf4 e5 15. Bd2 (15. Be3 f5 $36) 15...
Rb8 (15... f5 $1 $36) 16. Nh4 $6 {White didn't want to let black play f5 and
decides to sacrafise the pawn.} (16. Rab1 f5 $15) 16... Rxb2 17. Nd1 Rb7 18.
Ne3 d5 $1 {The best.} (18... Be6 19. Nef5 Nxf5 20. Nxf5 Bxf5 21. Rxf5 $44) 19.
Rad1 Rb2 {Positionally white is already in trouble, all is left is to
complicate the game by attacking the black king.} 20. Qh5 Qe8 21. Qf3 (21. Qxe8
Rxe8 22. cxd5 cxd5 23. exd5 {[%cal Gd5d6,Gh4f5]} Rxa2 24. d6 Nc6 25. Nhf5 Nd4
26. Ne7+ Kh7 27. N7d5 {[%cal Gd5f6]} Rf8 {Black is much better.}) 21... d4 (
21... dxe4 22. dxe4 Rxa2 23. Ng4 $44 {[%csl Rh6]}) 22. Nef5 (22. Ng4 Kh7 $17)
22... Bxf5 23. exf5 (23. Nxf5 Nxf5 24. Qxf5 Rxa2 $17) 23... Kh7 (23... Rxa2 $1
{It was good time to collect another pawn.} 24. Qg4 Kh7 {[%cal Ga7a3]}) 24. g4
$5 (24. a4 Ra2 25. a5 Rg8 $17 {[%cal Gg7f8,Gg8g2]}) 24... Rxa2 $15 25. Qh3 Rh8
26. Nf3 Qd7 27. Rf2 {Too slow.} (27. Nxe5 $142 fxe5 28. f6 {With some chances.}
) 27... a5 $6 (27... Kg8 $5 {[%cal Gg8f7,Gf7e8,Ge8d8]}) 28. Rdf1 $5 (28. Nxe5
$142 fxe5 29. f6 Ng6 30. fxg7 Kxg7 31. Rdf1 $44) 28... a4 $6 {Black is paying
no attention to white plan.....} (28... Bf8 $5 {Preventing Nxe5.}) 29. Nxe5 $1
fxe5 30. f6 Rxd2 $6 (30... Ng6 $142 $5 31. fxg7 Kxg7 32. Qh5 {[%cal Gf2f7]}
Rxd2 33. Rxd2 Qe7 $44 {[%cal Gg6f4]}) 31. Rxd2 Ng6 32. fxg7 Kxg7 $13 33. Qh5 (
33. Rf5 $5 {[%cal Gf5e5,Gg4g5]} Nf4 34. Qh4 {[%csl Gf6]} Qe6 35. Rb2 $40) 33...
Qe7 34. Rdf2 $4 {[%mdl 8192]} (34. Rf5 $142 $5) 34... Nf4 $19 {[%cal Gf4h5,
Gf4h3]} 35. Rxf4 (35. Qf5 Rf8 36. Qe4 Nh3+ $19) 35... exf4 36. Kh1 (36. Rxf4
Qe3+ 37. Rf2 Rf8 38. Qh4 a3 $19) 36... a3 (36... Rf8 $1 $19 {[%cal Gf4f3]}) 37.
Rg1 (37. Rxf4 a2 38. Rf1 Rb8 $19) 37... Qg5 38. Qh3 a2 39. Qg2 Ra8 $19 40. Ra1
Qf6 {[%cal Gf4f3]} 41. Qf3 Ra6 {[%csl Gc6][%cal Gf6e5,Ge5e3] Black is winning,
but still some accurate play is needed.} 42. Kg2 Qe5 43. Qf2 Qe3 44. Rxa2 f3+
45. Kg3 Rxa2 46. Qxa2 f2+ 47. Kg2 f1=Q+ {This queens ending is easily won for
black.} 48. Kxf1 Qxd3+ 49. Kg2 Qe4+ 50. Kg3 d3 51. Qa7+ Kf6 52. Qd7 Qe3+ 53.
Kh4 (53. Kg2 {Would make any difference.} d2 54. Qf5+ Ke7 55. Qh7+ Kd6 56. Qg6+
Ke5 57. Qg7+ Ke4 58. Qg6+ Kd4 59. Qf6+ Kd3 60. Qf5+ Qe4+ $19) 53... d2 54.
Qxc6+ Qe6 55. Qf3+ Kg7 {[%cal Ge6f6,Ge6e1,Gd2d1]} 56. Kh3 h5 $1 {The quickest.}
57. Qb7+ Kh6 58. Kg3 Qxg4+ 59. Kf2 Qd4+ 0-1

[Event "RUS-ch"]
[Site "Krasnodar"]
[Date "2002.08.28"]
[Round "2"]
[White "Cherniaev, Alexander"]
[Black "Frolyanov, Dmitry"]
[Result "1-0"]
[WhiteElo "2509"]
[BlackElo "2448"]
[Annotator "Rabinovich,Al"]
[PlyCount "147"]
[EventDate "2002.08.27"]
[EventType "swiss"]
[EventRounds "9"]
[EventCountry "RUS"]
[SourceTitle "CBM 091"]
[Source "ChessBase"]
[SourceDate "2002.11.12"]
[SourceVersion "1"]
[SourceVersionDate "2002.11.12"]
[SourceQuality "1"]

1. e4 {[%mdl 4136]} c5 2. Nf3 Nc6 3. Bb5 e6 4. O-O Nge7 5. c3 a6 6. Be2 {
It seems like this move is now in the shadow of the popular 6.Ba4.} (6. Ba4 $5
{The fashionble continuation,which is being examined nowdays at the highest
levels.The idea to keep the bright-square bishop leads sometimes to very
familiar positions from French Defence,Sicilian with 2.c3 and some other
familiar setups.} b5 (6... c4 $5 7. Bc2 Ng6 8. d4 cxd3 9. Qxd3 Qc7 10. a4 Be7
11. Na3 Rb8 12. Be3 O-O 13. Rfd1 {0-1 Malakhov,V-Movsesian,S/Halkidiki GRE
2002/The Week in Chess 412 (48) With slight adge for white.}) 7. Bc2 Bb7 8. Qe2
(8. Re1 Rc8 9. a4 Qb6 10. Na3 Ng6 11. axb5 axb5 12. d4 cxd4 13. cxd4 Bb4 14.
Re2 O-O 15. Be3 $14 {1-0 Morozevich,A-Smirin,I/Moscow RUS 2002/The Week in
Chess 409 (35)}) 8... Ng6 (8... d5 9. e5 d4 10. Be4 Nd5 11. cxd4 Nxd4 12. Nxd4
cxd4 13. a4 b4 14. d3 Qc7 $15 {0-1 Grischuk,A-Kasparov,G/Moscow RUS 2002/The
Week in Chess 395 (58)}) 9. d4 cxd4 10. cxd4 Nh4 11. Nbd2 $14 {1-0 Adams,
M-Shirov,A/Linares ESP 2002/The Week in Chess 383 (31)}) 6... d5 7. exd5 Nxd5
8. d4 cxd4 (8... Be7 $6 9. c4 Nf6 10. dxc5 Bxc5 11. Qxd8+ Kxd8 12. Nc3 Ke7 13.
Rd1 Rd8 14. Rxd8 Nxd8 15. a3 Bd7 16. b4 $14 {0-1 Kasparov,G-Kramnik,V/Paris
1995/CBM 49 ext (63)}) 9. Nxd4 Bd7 10. Bf3 (10. c4 $6 Nxd4 11. Qxd4 Qf6 12.
Qxf6 Nxf6 13. Be3 Rc8 $11 {0-1 Morozevich,A-Nataf,I/Cannes FRA 2002/The Week
in Chess 382 (52)}) 10... Be7 11. Bxd5 $146 {[%mdl 8] A new move. White
decides to create the isolated Pd and simply play against it.} (11. Nf5 $5 exf5
12. Bxd5 O-O 13. c4 Qc7 14. Nc3 Bd6 15. h3 Be5 16. Be3 Ne7 17. Bd4 Bd6 18. Qb3
$14 {1-0 Kasimdzhanov,R-Bacrot,E/Moscow RUS 2002/The Week in Chess 395 (32)})
11... exd5 12. Be3 O-O 13. Qh5 $1 {[%cal Gh5d5,Gf1d1]} Be6 $8 14. Nd2 Qd7 (
14... Bf6 15. N2b3 (15. N2f3 Qd7 16. h3 {Game.}) 15... Ne5 {[%cal Ge6g4,Ge5c4]}
16. Qe2 Re8 $11) 15. h3 Bf6 (15... Nxd4 $5 16. Bxd4 Qb5 $1 {Creating at least
some counterplay...} 17. Nf3 (17. b3 {[%csl Rc3]} Rac8 $11) 17... Qxb2 18. Rfb1
Qc2 19. Rxb7 Rfe8 $132) 16. N2f3 $14 Na5 17. Rfe1 $1 {Very solid. Paying no
attention to black's 17...Nc4 white increases pressure on e-file.} Nc4 18. Re2
Rfe8 (18... Nxe3 $6 19. Rxe3 Rae8 20. Rae1 $16) 19. Rae1 Nd6 20. Bf4 {[%cal
Gf4e5]} (20. Bg5 $5 Bxd4 (20... Ne4 21. Bxf6 Nxf6 22. Qh4 {[%cal Gf3e5,Gf3g5]
With very pleasant position for white.}) 21. Nxd4 Ne4 22. Bf4 {[%csl Re6][%cal
Gf2f3] Different coloured bishops only in white's favour!}) 20... g6 21. Qh6
Bg7 22. Qh4 Ne4 (22... Nf5 $6 23. Nxf5 Bxf5 24. Be5 $16 Be4 $2 25. Bxg7 Bxf3 (
25... Kxg7 26. Ng5 {[%cal Gg5h7,Gg5e4]}) 26. Bh6 {[%cal Gh4f6]} Rxe2 27. Rxe2
$18 {[%csl Rf3][%cal Gh4f6]}) 23. Ng5 $1 Nxg5 24. Bxg5 $16 {White is reached
much better position. Now is a time to find the best plan for him: 1.To
exchange the dark square bishops,after what knight will be clearly over bishop.
2. To leave the rooks on the board if it's possible. 3.To try to use
weaknesses on Kside} Qd6 25. Bf6 $6 (25. Bf4 $1 Qb6 26. Nf3 {[%cal Gf3g5,Gf4e5]
} Bd7 27. Be5 Bxe5 28. Nxe5 Bb5 29. Re3 Rac8 (29... Qd6 {[%tqu "En","White has
a chance to finish the game.How?","","","e5f7","Correct,black is helpless.",10]
} 30. Nxf7 Rxe3 (30... Kxf7 31. Qxh7+ Kf6 32. Rf3+ Kg5 33. h4+ Kg4 34. Rg3+ Kf5
(34... Qxg3 35. Qxg6+ Kf4 36. fxg3#) 35. Qf7+ Qf6 36. Rg5+ Kf4 37. Qxf6#) 31.
Rxe3 Kxf7 32. Qxh7+ Kf6 33. Rf3+ Ke6 (33... Ke5 34. Qg7+ Ke6 35. Qf7+ Ke5 36.
Re3#) 34. Qf7+ Ke5 35. Re3#) {[%tqu "En","Find the best move","","","e5f7",
"Correct!",10]} 30. Nxf7 $1 $18 Rxe3 (30... Kxf7 31. Qxh7+ Kf6 32. Rf3+ Kg5 33.
h4+ Kg4 34. Rf4+ $3 Kxf4 35. Qh6+ Kf5 36. Qg5#) 31. Rxe3 Kxf7 32. Qxh7+ Kf8 (
32... Kf6 33. Qe7+ Kf5 34. Rf3#) 33. Rf3+ Ke8 34. Rf7 {[%cal Gh7g8]} Kd8 35.
Qh4+ g5 36. Qxg5+ Ke8 37. Qe7#) 25... Bd7 26. Bxg7 Kxg7 27. Rxe8 Rxe8 28. Rxe8
Bxe8 {Ending rised is very difficult to defend for black,but on the other hand
white doesn't have many resources for winning.} 29. Qg5 Bd7 30. Qe3 h5 $1 {
[%csl Gf7,Gg6,Gh5][%cal Gd4f5,Gd4e6,Gd4c6,Gd4b5] Best setup for black pawns.
Taking control over white N squares.} 31. h4 Be6 32. g3 Bd7 33. Kg2 Kg8 34. Qg5
{White is waiting for the end of 40 moves to start looking for plan.} Kg7 35.
Qe3 Kg8 36. Kg1 Kg7 37. Kh2 Kg8 38. Ne2 {[%csl Rd5][%cal Ge2f4,Ge3d4]} Qf6 39.
Nf4 Bc6 40. a3 {White is enjoying of space and good knight,but he must be
aware of not risking too much since black has some idea with advancing dP and
opening up the bishop.} Qf5 $1 {[%cal Gd5d4,Gf5b1,Gb1h1] Black is playing very
good,using all the ideas to desturb white's plan.} 41. Qe2 Qb1 42. Ng2 Qc1 $11
{It is possible to confirm that black has almost no problems anymore.} 43. f3
Bb5 44. Qf2 Qd1 45. Ne3 Qd3 46. Nc2 Bd7 47. Nd4 Qd1 48. Kg2 Qc1 49. Qc2 Qe1 (
49... Qxc2+ $2 50. Nxc2 {[%cal Gg2f2,Gf2d4] Of course that ending is very bad
for black.}) 50. Qe2 Qc1 51. Nb3 Qb1 52. Qd2 Qf5 {[%cal Gf5h3]} (52... Bb5 {
[%csl Gf1][%cal Gb1f1]} 53. Nd4 Bd7 $11) 53. Qf2 Qb1 54. Nd4 Qc1 55. Qe2 Qb1
56. Qd2 Bc6 57. Qc2 Qe1 58. Qe2 Qc1 59. Kf2 $1 {Finally white found the right
plan.} Bd7 $2 (59... Ba4 $1 $11 {[%csl Gb3][%cal Ga4d1]}) 60. Nb3 $1 Qb1 61.
Ke3 {[%cal Ge3d4,Ge3f4]} Bb5 (61... Qf5 $5 62. Nd4 Qh3 63. Kf4 Bc6 64. Qe7 Qg2
$132 {[%cal Gg2d2,Gd2b2,Gg2g3] Not letting white king to activate!}) 62. Qd2
Qg1+ $6 63. Kf4 $16 {Now white king is in the game.Dark squares in black setup
are weak and white uses that fact.} Qb6 64. Qd4 Qc6 65. Qe5 Qc4+ $2 {Bad move,
but it is already hard to defend.} 66. Nd4 Qf1 $2 (66... Bc6 $142 {[%cal Gc4c5,
Gc5f8]}) 67. Kg5 {[%csl Rg8][%cal Gg5h6,Gg5f6]} Qc1+ 68. f4 $18 Qxb2 69. Qb8+
Kg7 (69... Kh7 70. Qxb7 Kg8 71. Kf6 $18) {[%tqu "En","Find the decisive move
for white!","","","d4e6","Very nice. Now white is winning by force.",10]} 70.
Ne6+ $1 {Opening the black king.} fxe6 71. Qc7+ Bd7 (71... Kg8 72. Kf6 $18 {
[%csl Gc3][%cal Gc7c3,Gc7g7]}) 72. Qxd7+ Kf8 73. Qd8+ Kf7 74. Qc7+ {[%cal
Gc7c3]} 1-0

[Event "RUS Cup final 6th"]
[Site "Nefteyugansk"]
[Date "2002.10.11"]
[Round "7"]
[White "Pridorozhni, Aleksei"]
[Black "Bocharov, Dmitry"]
[Result "1-0"]
[WhiteElo "2475"]
[BlackElo "2502"]
[Annotator "Rabinovich,Al"]
[PlyCount "61"]
[EventDate "2002.10.06"]
[EventType "tourn"]
[EventRounds "11"]
[EventCountry "RUS"]
[EventCategory "11"]
[SourceTitle "CBM 092"]
[Source "ChessBase"]
[SourceDate "2003.02.06"]
[SourceVersion "1"]
[SourceVersionDate "2003.02.06"]
[SourceQuality "1"]

1. e4 c5 2. Nf3 e6 3. Nc3 Nc6 4. Bb5 Nge7 5. O-O a6 {Black chooses a very
tactical line with many complicated variations..} (5... Ng6 6. d4 cxd4 7. Nxd4
Be7 (7... Qc7 8. Re1 Bd6 9. g3 Nxd4 10. Qxd4 a6 11. Be2 Be5 12. Qd3 b5 $15 {
0-1 Shavtvaladze,N-Grivas,E/Nikea GRE 2002/The Week in Chess 408 (46)}) 8. Be3
O-O 9. f4 a6 10. Bxc6 bxc6 11. Qh5 $36 {0-1 Sutovsky,E-Ye Jiangchuan/Batumi
2001/CBM 86 no vc (27)}) (5... Qc7 6. Re1 Ng6 7. a3 Be7 8. b4 cxb4 9. axb4 Nxb4
10. Ba3 $44 {1-0 Kogan,A-Ulko,J/Moscow RUS 2002/The Week in Chess 379 (38)}) (
5... d6 6. d4 cxd4 7. Nxd4 Bd7 8. Re1 a6 9. Bf1 Nxd4 10. Qxd4 Nc6 11. Qd3 Be7
12. Qg3 $13 {1-0 Shavtvaladze,N-Halkias,S/Kavala GRE 2002/The Week in Chess
406 (56)}) 6. Bxc6 Nxc6 7. d4 cxd4 8. Nxd4 d6 (8... Qc7 9. Nxc6 (9. Re1 Bd6 10.
h3 O-O 11. Be3 b5 12. Qh5 Bb7 $15 {0-1 Tissir,M-Al Modiahki,M/Casablanca MAR
2002/The Week in Chess 409 (33)}) 9... dxc6 10. Be3 Be7 11. f4 O-O 12. Qh5 f5
13. Rf3 (13. Bd4 {1/2-1/2 Sutovsky,E-Bacrot,E/Albert 2001/CBM 86 no vc (22)})
13... e5 $1 $132 {0-1 Sutovsky,E-Bacrot,E/Albert 2001/CBM 86 no vc (42)}) 9.
Re1 Be7 (9... Bd7 10. Nd5 exd5 11. exd5+ Ne7 12. Bg5 {0-1 Kristjansson,S-Moroz,
A/Pardubice CZE 2002/The Week in Chess 403 (29) White hasn't enough
compesation.}) 10. Nxc6 bxc6 11. Qg4 Kf8 (11... g6 $5 12. e5 d5 13. Bh6 Rg8 14.
Ne2 Bb7 15. Rad1 Qd7 16. Bg5 h5 17. Qf4 $14 {0-1 Reefat,S-Rahman,Z/Dhaka BAN
2002/The Week in Chess 390 (30)}) 12. b3 (12. e5 $5 d5 13. Be3 h5 14. Qg3 c5
15. Rad1 h4 16. Qg4 Rb8 17. b3 Qc7 18. Bg5 $36 {0-1 Sandipan,C-Shariyazdanov,A/
Moscow RUS 2002/The Week in Chess 379 (47)}) 12... h5 (12... d5 13. Qg3 (13.
exd5 cxd5 14. Bb2 h5 15. Qf3 Qc7 16. Ne2 Bd6 17. c4 {[%cal Gc8b7] 0-1 Barle,
J-Franco Ocampos,Z/Maribor 1995/CBM 49 ext (31)}) 13... d4 14. Ne2 c5 15. Nf4
h5 16. Qf3 Kg8 17. Nxh5 e5 $132 {1/2-1/2 Glek,I-Van der Wiel,J/Tilburg 1994/
CBM 44 (65)}) 13. Qf3 (13. Qe2 $5 {[%cal Gc1b2,Ge4e5] 1-0 Glek,I-Kishnev,S/
Dortmund 1992/TD (58)}) 13... e5 (13... Bb7 14. Na4 c5 15. c4 Bc6 16. Nc3 Bf6
17. Qd3 g5 18. Bb2 $14 {1/2-1/2 Levacic,P-Shariyazdanov,A/Pula 1999/EXT 2000 
(30)}) 14. Na4 $14 Kg8 (14... Qa5 $5 15. Qe2 g5 16. c4 c5 17. Bd2 Qc7 18. Red1
Bg4 19. f3 Be6 20. Qe1 $14 {[%csl Rd6,Rf8] 1/2-1/2 Velicka,P-Makarov,M/
Cheliabinsk 1990/EXT 2000 (40)}) 15. c4 {It is clear now,that black won't have
any compensation for weak pawns and king!} Be6 16. Qc3 h4 (16... d5 $2 17. cxd5
cxd5 18. exd5 Bxd5 19. Rd1 {And black is in trouble.}) 17. h3 {It is hard for
black to find the right plan!} c5 {[%csl Rd6]} 18. Qd3 $16 {Black can't put
anything against white simple pressure on d6!} Bg5 $2 (18... g6 $142 {[%cal
Gg8g7,Gh8d8]}) 19. Bxg5 Qxg5 20. Rad1 Rh6 {The illusions of attack?! Black has
nothing real on kingside,but weaknesses don't dissappear !} 21. Qd2 Qh5 (21...
Qxd2 22. Rxd2 Rd8 23. Nxc5 $18) 22. Qe2 (22. Qxd6 $4 Bxc4 $6 (22... Bxh3 23.
Qd5 Qg4 $19)) 22... Qg5 23. Qe3 {[%cal Gd1d6] Improving the placement of the
queen.} Qe7 $8 24. Rd3 $18 {White simply wins a pawn.} Rb8 25. Red1 {[%csl Rc5,
Rd6]} Bd7 $6 26. Nxc5 Bc8 27. Na4 {[%csl Rd6][%cal Ge3d2] The rest is simple.
Black lost a pawn and in addition to that another one is on the way.} Bb7 28.
Nc3 {[%csl Ge4][%cal Gb7e4]} Rc8 29. Qd2 Rc6 (29... Rd8 30. c5 $18) 30. Nd5 Qf8
31. Ne3 {[%cal Ge3f5,Gf5h6,Gf5h4,Gf5d6]} (31. Ne3 Bc8 $8 32. b4 $18 {[%cal
Gc4c5,Gd3d8]}) 1-0